000 01841cam a22003254a 4500
001 321
003 OSt
005 20250528074017.0
008 080603 c195 bl j 000 1 por
020 _a8501008397
040 _bpor
082 _a823
_bW519a
100 1 _aWest, Morris,
_d1916-1999.
_9646
240 _aThe Devil's Advocate /
245 0 0 _aO advogado do diabo /
_cWest, Morris ; Tradução de Brenno Silveira
250 _a27
260 _aRio de Janeiro
_bRecord
_c2004
300 _a303 p.
340 _ePapel
520 _aPublicado originalmente em 1959, O advogado do diabo consagrou o australiano Morris West como um dos melhores escritores de sua geração. Na Calábria, sul da Itália, surge um culto à memória de um homem chamado Giacomo Nerone, a quem são atribuídos milagres. A devoção popular chama a atenção do Vaticano, que avalia a possibilidade de abrir um processo de canonização. Para confirmar a santidade, o sacerdote inglês Blaise Meredith é enviado com a missão de descobrir e denunciar fatos que possam impedir a santificação de Nerone. O papel deste investigador canônico é o de um verdadeiro advogado do diabo. Em suas investigações, o religioso não só descobre a verdade sobre Giacomo como enfrenta dramas em sua consciência que o fazem reavaliar seu papel de homem e de sacerdote. A obra é sucesso de público e crítica, e se destacou entre os clássicos da literatura de língua inglesa da segunda metade do século XX por abordar aspectos fundamentais da natureza humana.
650 0 _aLiteratura australiana
_9219
650 0 _aSuspense
_910
650 0 _aMistério
_942
650 0 _aCorrupção
_9151
650 0 _aReligião
_9100
655 0 _aRomance
_923
655 0 _aFicção
_922
700 _aBrenno SIlveira
_d1911-
_eTRADUTOR
_9647
942 _2ddc
_cBK
999 _c321
_d321